Preaching from the types and metaphors of the Bible. (Record no. 3354)

000 -LEADER
fixed length control field 00704nam a2200205 a 4500
001 - CONTROL NUMBER
control field :::00001084$&:&@@
003 - CONTROL NUMBER IDENTIFIER
control field OkBaRHE
005 - DATE AND TIME OF LATEST TRANSACTION
control field 20100331161042.0
008 - FIXED-LENGTH DATA ELEMENTS--GENERAL INFORMATION
fixed length control field s1972 j 000 0 eng u
040 ## - CATALOGING SOURCE
Transcribing agency
100 1# - MAIN ENTRY--PERSONAL NAME
Personal name Keach, Benjamin, 1640-1704.
245 10 - TITLE STATEMENT
Title Preaching from the types and metaphors of the Bible.
Statement of responsibility, etc Foreword by Herbert Lockyer.
260 ## - PUBLICATION, DISTRIBUTION, ETC. (IMPRINT)
Place of publication, distribution, etc Grand Rapids, MI., :
Name of publisher, distributor, etc Kregel Publications
Date of publication, distribution, etc 1972
300 ## - PHYSICAL DESCRIPTION
Extent xxviii, 1007 p. ;
Dimensions 25 cm.
650 ## - SUBJECT ADDED ENTRY--TOPICAL TERM
Topical term or geographic name as entry element Bible
General subdivision Homiletical Use
650 ## - SUBJECT ADDED ENTRY--TOPICAL TERM
Topical term or geographic name as entry element Bible
General subdivision Language, Style
650 ## - SUBJECT ADDED ENTRY--TOPICAL TERM
Topical term or geographic name as entry element Metaphors In The Bible
942 ## - ADDED ENTRY ELEMENTS (KOHA)
Source of classification or shelving scheme
Koha item type Books
Copies
Date last seen Shelving location Date acquired Permanent Location Price effective from Damaged status Source of classification or shelving scheme Barcode Withdrawn status Copy number Full call number Not for loan Lost status Koha item type
2010-04-14General Stacks2010-04-14RHEMA Bible Training College2010-04-14  1084 1BS 537 .K4 1972  Books